| 000 | 00616cab a2200229 4500 | ||
|---|---|---|---|
| 001 | ABS60330 | ||
| 008 | 090401t1999 xxu||||| |||| 00| 0 eng d | ||
| 035 | _a(Sirsi) u92068 | ||
| 041 | _aeng | ||
| 245 | _aIvory Gate Ltd v Spetale | ||
| 260 | _c1999 | ||
| 350 | _a0 | ||
| 490 |
_aProperty, Planning and Compensation Reports _v(1999) 77 P&CR, Part No.2, 141-149(5) |
||
| 650 | _aFORFEITURE | ||
| 650 | _aIVORY GATE LTD V SPETALE | ||
| 650 | _aLIABILITY | ||
| 650 | _aRENT ARREARS | ||
| 650 | _aSURETIES | ||
| 690 | _aLANDLORD AND TENANT-CASE LAW-BUSINESS TENANCIES | ||
| 942 | _n0 | ||
| 948 | _c15/03/1999 | ||
| 999 |
_c58377 _d58377 |
||